An introduction to business ethics / (Record no. 31182)

MARC details
000 -LEADER
fixed length control field 01703nam a22003017a 4500
005 - DATE AND TIME OF LATEST TRANSACTION
control field 20091030101623.0
010 ## - LCCN (DPL NO)
LC control number ENG-95261 B-424010-012
020 ## - INTERNATIONAL STANDARD BOOK NUMBER
International Standard Book Number 9780070671072
Terms of availability 295.00
020 ## - INTERNATIONAL STANDARD BOOK NUMBER
International Standard Book Number 0070671079
Terms of availability 295.00
035 ## - SYSTEM CONTROL NUMBER
System control number EN-78794
035 ## - SYSTEM CONTROL NUMBER
System control number B-424010-012
037 ## - SOURCE OF ACQUISITION
Source of stock number/acquisition Researchco Book Centre
082 ## - DEWEY DECIMAL CLASSIFICATION NUMBER
Classification number 174.4
100 ## - MAIN ENTRY--PERSONAL NAME
Personal name DesJardins, Joseph
245 ## - TITLE STATEMENT
Title An introduction to business ethics /
Statement of responsibility, etc by Joseph DesJardins.
250 ## - EDITION STATEMENT
Edition statement 2nd ed.
260 ## - PUBLICATION, DISTRIBUTION, ETC. (IMPRINT)
Place of publication, distribution, etc New Delhi
Name of publisher, distributor, etc Tata McGraw-Hill Education,
Date of publication, distribution, etc c2009.
270 ## - ADDRESS
Address 7, West Patel Nagar
City New Delhi
Postal code 110008
300 ## - PHYSICAL DESCRIPTION
Extent xiv, 281, I8 p. :
Other physical details ill. ;
Dimensions 24 cm.
500 ## - GENERAL NOTE
General note Includes bibliographical references and index.
650 ## - SUBJECT ADDED ENTRY--TOPICAL TERM
Topical term or geographic name as entry element Business ethics.
942 ## - ADDED ENTRY ELEMENTS (KOHA)
Source of classification or shelving scheme Dewey Decimal Classification
Item type English Books
Call number suffix DES
Classification part 174.4
Holdings
Withdrawn status Lost status Not for loan Collection code Home library Current library Date acquired Source of acquisition Cost, normal purchase price Full call number Barcode Copy number Cost, replacement price Koha item type
      Non-fiction Central Library Central Library 05/08/2011 Researchco Book Centre/RBC-22385/2011-12/14.3.11/76/4.3.11/21.3.11 310.00 174.4 DES B-424010 1 310.00 English Books
    Not For Loan Non-fiction D.B.Act.Division D.B.Act.Division 30/10/2009 DBAD / PUB 295.00 174.4 DES EN-78794 1 295.00 English Books
      Non-fiction Patel Nagar Patel Nagar 05/08/2011 Researchco Book Centre/RBC-22385/2011-12/14.3.11/76/4.3.11/21.3.11 310.00 174.4 DES B-424011 1 310.00 English Books
      Non-fiction Sarojini Nagar Sarojini Nagar 05/08/2011 Researchco Book Centre/RBC-22385/2011-12/14.3.11/76/4.3.11/21.3.11 310.00 174.4 DES B-424012 1 310.00 English Books

© Delhi Public Library
Hit Counter
free hit counter